<?xml version="1.0" encoding="UTF-8"?>
<marc:record xmlns:marc="http://www.loc.gov/MARC21/slim">
   <marc:leader>00000nam a2200000 a 4500</marc:leader>
   <marc:datafield ind1="1" ind2=" " tag="100">
      <marc:subfield code="a">Kohl, Eva Maria</marc:subfield>
      <marc:subfield code="4">aut</marc:subfield>
      <marc:subfield code="e">Verfasser/-in</marc:subfield>
   </marc:datafield>
   <marc:datafield ind1="1" ind2=" " tag="100">
      <marc:subfield code="a">Boddin, Heidrun</marc:subfield>
   </marc:datafield>
   <marc:datafield ind1=" " ind2=" " tag="653">
      <marc:subfield code="a">Mißbrauch</marc:subfield>
   </marc:datafield>
   <marc:datafield ind1=" " ind2=" " tag="653">
      <marc:subfield code="a">Sexualerziehung</marc:subfield>
   </marc:datafield>
   <marc:datafield ind1=" " ind2=" " tag="653">
      <marc:subfield code="a">ab 6 Jahren</marc:subfield>
   </marc:datafield>
   <marc:datafield ind1="0" ind2="0" tag="245">
      <marc:subfield code="a">Wanda Wind</marc:subfield>
   </marc:datafield>
   <marc:datafield ind1="0" ind2="0" tag="245">
      <marc:subfield code="b">eine Geschichte gegen den sexuellen Missbrauch von Kindern</marc:subfield>
   </marc:datafield>
   <marc:datafield ind1="0" ind2="0" tag="245">
      <marc:subfield code="c">Eva Maria Kohl</marc:subfield>
   </marc:datafield>
   <marc:datafield ind1=" " ind2="1" tag="264">
      <marc:subfield code="a">München</marc:subfield>
      <marc:subfield code="b">tabu-Verl.</marc:subfield>
      <marc:subfield code="c">1996</marc:subfield>
   </marc:datafield>
   <marc:datafield ind1="1" ind2=" " tag="490">
      <marc:subfield code="a">Tabuphil</marc:subfield>
      <marc:subfield code="v">67</marc:subfield>
   </marc:datafield>
   <marc:datafield ind1=" " ind2=" " tag="250">
      <marc:subfield code="a">Orig.-Ausg.</marc:subfield>
   </marc:datafield>
   <marc:datafield ind1="1" ind2=" " tag="520">
      <marc:subfield code="a">"Es war einmal ein König". Wie ein Märchen beginnt diese stille Geschichte. Sie erzählt von Wanda Wind und ihrem Vater. Sie lieben einander. Doch der Vater beginnt, während die Mutter verreist ist, die kleine Tochter zu bedrängen, in der Badewanne, nachts beim Schlafen im Bett. Fast poetisch zart, was sparsam konkrete Informationen einschliesst, wird von ersten, kindlich spielerischen Berührungen, wachsendem Unbehagen, Nichtverstehen, schliesslich Angst erzählt. Die Lösung, Flucht, wird im Stil des "Märchens" als Traumbild angedeutet. Stimmig dazu die einfachen, ausdrucksstarken Buntpapiercollagen von Heidrun Boddin. Eine Momentaufnahme. Sie führt ohne Wertung behutsam ans Thema heran, sollte aber im Gespräch verarbeitet werden. Ohne Untertitel auf dem leuchtenden Buchdeckel.</marc:subfield>
   </marc:datafield>
   <marc:datafield ind1=" " ind2=" " tag="020">
      <marc:subfield code="a">3930777673</marc:subfield>
      <marc:subfield code="9">3930777673</marc:subfield>
   </marc:datafield>
   <marc:datafield ind1="0" ind2=" " tag="490">
      <marc:subfield code="v">0</marc:subfield>
   </marc:datafield>
   <marc:datafield ind1=" " ind2=" " tag="300">
      <marc:subfield code="a">47 S.,  zahlr. Ill. (farb.)</marc:subfield>
   </marc:datafield>
</marc:record>
